Courteeners- Not Nineteen Forever Full Lyrics - Statistics

General Stats
  • This quiz has been taken 11 times
  • The average score is 177 of 215
Answer Stats
Answer % Correct
The
100%
To
100%
A
91%
But
91%
Change
91%
For
91%
Forever
91%
Get
91%
I
91%
It
91%
Know
91%
Me
91%
Never
91%
Nineteen
91%
Not
91%
Of
91%
Off
91%
Pull
91%
She
91%
Strange
91%
Then
91%
They
91%
Things
91%
Together
91%
You
91%
Your
91%
You're
91%
Again
82%
All
82%
Am
82%
And
82%
Be
82%
Can
82%
Car
82%
Danger
82%
Doing
82%
Far
82%
Go
82%
Going
82%
Hand
82%
In
82%
Like
82%
Look
82%
Man
82%
Mind
82%
My
82%
Older
82%
Pretty
82%
Probably
82%
Said
82%
Seems
82%
So
82%
Sometimes
82%
Tea
82%
That
82%
Thigh
82%
Too
82%
Turned
82%
Woman
82%
Younger
82%
Yourselves
82%
Attention
73%
Both
73%
Clever
73%
Dance
73%
Down
73%
Ever
73%
Followed
73%
Insinuate
73%
It's
73%
Long
73%
Night
73%
Nowhere
73%
Once
73%
Pavement
73%
Peel
73%
Slightly
73%
Song
73%
Stairs
73%
Them
73%
Toast
73%
You'd
73%
You'll
73%
Asked
64%
Band
64%
Bless
64%
Definitely
64%
Found
64%
Four
64%
God
64%
If
64%
Out
64%
Rain
64%
They're
64%
Times
64%
Twice
64%
Would
64%
Big
55%
Had
55%
Trying
55%
Front
36%
She's
36%
Crowd
27%
Crawled
18%
No matching quizzes found
Score Distribution
Percent of People with Each Score
Percentile by Number Answered
Your Score History
You have not taken this quiz